| 000 | 01391nam a2200241Ia 4500 | ||
|---|---|---|---|
| 003 | Ost | ||
| 005 | 20260507075329.0 | ||
| 008 | 260507s9999||||xx |||||||||||||| ||und|| | ||
| 020 | _a9789957477585 | ||
| 040 | _cfsecg | ||
| 041 | _aara | ||
| 082 | _a330 | ||
| 100 |
_aالسميرات، عبد محمود هلال _eمؤلف |
||
| 245 | 0 |
_aعمليات غسيل الأموال بين الاقتصاد الاسلامي والاقتصاد الوضعي / _c عبد محمود هلال السميرات |
|
| 260 |
_aعمان: _bدار النفائس, _c2009 |
||
| 300 |
_a183 صفحة؛ _bإيضاحات ؛ _c24 سم |
||
| 520 | _aماهية و أسباب و نشأة عمليات غسيل الاموال ، المراحل التي تمر بها عمليات غسيل الأموال و العوامل التي ساعدت على انتشارها ، مصادر الأموال غير المشروعة الخاضعة لعمليات غسيل الأموال و موقف الشريعة الاسلامية منها ، الآثار الاقتصادية و الاجتماعية لعمليات غسيل الأموال و الموقف القانوني و الشرعي و العلاج لهذه العمليات | ||
| 653 | _aالاقتصاد | ||
| 653 | _aالاقتصاد الاسلامي | ||
| 653 | _aالجرائم التجارية | ||
| 653 | _aجرائم الأموال | ||
| 942 | _cكتاب | ||
| 999 |
_c43988 _d43988 |
||